Optimalizace webových stránek proč si 95% návštěvníků vašich stránek nic nekoupí a jak to můžete změnit

Bibliographic Details
Main Authors: Van Tonder, Johann (Author), Croxen-John, Dan (Author)
Other Authors: Šmídová, Petra (Translator)
Format: Book
Language:Czech
English
PhysicalDescription:283 strán grafy, tabuľky 24 cm
Published: V Brně Lingea 2022
ISBN:9788075087164
Edition:1. vydání
Subjects:

MARC

LEADER 00000cam a2200000 4500
001 vtls012132145
003 SK-MaSNL
005 20260301104833.0
008 220425s2022 xr al f nf 001 0 cze
020 |a 9788075087164  |q (brožované) 
040 |a SNK  |b slo  |c SNK  |e rda 
041 1 |a cze  |h eng 
044 |a xr  |c CZ 
072 7 |a 658  |x Riadenie a správa podniku  |2 konspekt 
080 |a 658.849:004.738  |2 2011 
080 |a 004.738.5:338.46  |2 2001 
080 |a 658.8:004.738.5  |2 2011 
080 |a 004.738.12-027.233  |2 2001 
080 |a 005.21  |2 2011 
080 |a (035)  |2 2011 
100 1 |a Van Tonder, Johann  |4 aut  |9 444182 
240 1 0 |a E-Commerce Website Optimization  |l Česky 
245 1 0 |a Optimalizace webových stránek  |b proč si 95% návštěvníků vašich stránek nic nekoupí a jak to můžete změnit  |c Johann van Tonder, Dan Croxen-John ; překlad Petra Šmídová 
250 |a 1. vydání 
264 1 |a V Brně  |b Lingea  |c 2022 
300 |a 283 strán  |b grafy, tabuľky  |c 24 cm 
336 |a text  |b txt  |2 rdacontent 
337 |a bez média  |b n  |2 rdamedia 
338 |a zväzok  |b nc  |2 rdacarrier 
500 |a Preložené z angličtiny 
504 |a Obsahuje bibliografické odkazy a register 
650 0 7 |a elektronický obchod  |2 SNKPH  |9 3918 
650 0 7 |a webové služby  |2 SNKPH  |9 177689 
650 0 7 |a internetový marketing  |2 SNKPH  |9 78055 
650 0 7 |a webová analytika  |2 SNKPH  |9 121664 
650 0 7 |a strategický marketing  |2 SNKPH  |9 4278 
650 0 7 |a Electronic commerce  |2 SNKPHeng  |9 318437 
650 0 7 |a Web services  |2 SNKPHeng  |9 324655 
650 0 7 |a Internet marketing  |2 SNKPHeng  |9 338653 
650 0 7 |a Web analytics  |2 SNKPHeng  |9 434474 
650 0 7 |a Strategic marketing  |2 SNKPHeng  |9 314754 
655 7 |a príručky  |2 SNKPH  |9 74364 
655 7 |a Handbooks, manuals, etc.  |2 SNKPHeng  |9 90964 
700 1 |a Croxen-John, Dan  |4 aut  |9 444183 
700 1 |a Šmídová, Petra  |4 trl  |9 340253 
752 |a Česko  |d Brno 
852 |a Slovenská národná knižnica 
919 |a 978-80-7508-716-4 
954 |a odborná, vedecká literatúra cudzojazyčná (svetová)  |2 lita 
958 |a NB 
958 |a OP 
968 |b ENG 
999 |c 699261  |d 701191 
952 |t snkCRO 658(035)  |a SNKUST  |b SNKUST  |y PREZ  |7 0  |p 17A1539280  |o snkIC 147601  |i snk2023/17262  |8 4  |g 19.41  |0 0  |1 0  |4 0  |d 2023-07-11  |l 0  |r 2025-03-21 00:00:00  |w 2026-02-23